000 00787cab a2200229 4500
001 WB2805-69
008 090401t1992 xxu||||| |||| 00| 0 eng d
035 _a(Sirsi) u20146
041 _aeng
245 _aFarm shops
260 _c1992
350 _a0
490 _aYorkshire Post
_v23 January 1992, 8
490 _aBig Farm Weekly
_v13 February 1992, 2(1)
520 _aFarmers and growers operating farm shops and pick-your-own establishments are being warned by the NFU that they must register their premises under Food Safety Act 1990 by 3 April 1992. Forms are available from local environmental health officers.
650 _aFARM SHOPS
650 _aFOOD SAFETY ACT 1990
650 _aPICK-YOUR-OWN
690 _aRURAL PRACTICE
942 _n0
948 _c04/03/1997
999 _c13498
_d13498